Statistiques concernant Culture Générale - Série 619

Cliquez ici pour prendre le quiz!

Statistiques générales

  • Ce quiz a été pris 169 fois
  • Le résultat moyen est 7 sur 10

Statistiques - réponses

QuestionRéponse% Correct
Quelle est la monnaie officielle de la principauté d'Andorre ?euro
94%
Quel mot anglais désigne l'avertisseur sonore que l'on trouve dans une voiture ?klaxon
94%
L'habit de cérémonie masculin, se terminant par deux pans arrondis dans le dos, est appelé : "queue de morue" ou queue de...pie
89%
Quel mammifère a donné son nom à la brosse qui sert à savonner la barbe, avant de se raser ?blaireau
82%
Quel "maître du suspense" a réalisé le film "Psychose" en 1960 ?Alfred Hitchcock
77%
Quelle navigatrice française, surnommée "la petite fiancée de l'Atlantique", a remporté la route du Rhum en 1990 ?Florence Arthaud
65%
Dans le film "Titanic", quelle actrice incarne "Rose" aux côtés de Leonardo DiCaprio ?Kate Winslet
65%
Quelle actrice, prénommée Louise, incarne Adèle Blanc-Sec dans le film de Luc Besson, sorti en 2010 ?Louise Bourgoin
53%
Quel chanteur fait un tube, en 1976, avec le titre : "Ca va pas changer le monde" ?Joe Dassin
41%
Quel écrivain, auteur de "Nadja", porte le nom des habitants d'une région de France ?André Breton
37%

Distribution des résultats

Percentile par nombre de réponses

% des personnes avec chaque résultat

Votre développement - résultats

Vous n’avez pas pris ce quiz